000 00391nam a22001217a 4500
008 230602b xxu||||| |||| 00| 0 eng d
020 _a9966767231
082 _a304.66762
_bKEN
245 _a2009 Kenya population and Housing Census
_bPopulation and Household Distribution by social-economic characteristics
260 _bKenya National Bureau of statistics
300 _a436p
942 _2ddc
_cBK
999 _c149
_d149